Handbuch Löttechnik /

Salvato in:
Dettagli Bibliografici
Autore principale: Petrunin, I.E (Autore)
Altri autori: Koll (Traduttore)
Natura: Libro
Lingua:tedesco
Pubblicazione: Berlin : Verlag Technik, 1991
Soggetti:
Tags: Aggiungi Tag
Nessun Tag, puoi essere il primo ad aggiungerne!!

MARC

LEADER 00000nam a22000003a 4500
001 stu44413
005 20150617225718.4
008 950329s1991----gw------------------ger-d
020 |a 3-341-00445-9 
040 |a STU  |b slo 
041 0 |a ger 
044 |a gw 
080 |a 621.791.3  |7 stu_us_auth*stu6937 
100 1 |a Petrunin, I.E  |4 aut 
245 1 |a Handbuch Löttechnik /  |c [aut.]I.E. Petrunin; Z rus. Koll 
260 |a Berlin :  |b Verlag Technik,  |c 1991 
300 |a 191 s 
650 7 |a spájkovanie  |2 stusub 
700 1 |a Koll  |4 trl 
996 |b 284M025668  |c M*9037-1  |l MMKN  |s A  |a 24  |w stu44413_0001